| 000 | 00693nam a2200229 i 4500 | ||
|---|---|---|---|
| 001 | 50852 | ||
| 003 | ES-MaACL | ||
| 005 | 20250721063434.0 | ||
| 007 | t| | ||
| 008 | 030807s1985 sp ||||1| spa d | ||
| 020 | _a84-205-1127-7 | ||
| 100 | 1 |
_aCuenca Toribio, José Manuel, _d1939- _942007 |
|
| 245 | 1 | 0 |
_aRelaciones Iglesia-Estado en la España contemporánea _b: (1833-1985) / _cJosé Manuel Cuenca Toribio. |
| 250 | _a[1ª ed.]. | ||
| 260 |
_aMadrid : _bAlhambra, _c1985. |
||
| 300 |
_a167 p. ; _c19 cm. |
||
| 490 | 1 |
_aMezquita ; _v42 |
|
| 500 | _aIndices. | ||
| 830 | 0 |
_aMezquita ; _v42 _9182946 |
|
| 852 |
_aES-MaACL _jL-10712 _bR.111702 |
||
| 999 |
_c50852 _d50852 |
||